Get down to business (Record no. 67150)
[ view plain ]
| 000 -LEADER | |
|---|---|
| fixed length control field | 01623cam a2200289 4500 |
| 001 - CONTROL NUMBER | |
| control field | ABS64009 |
| 008 - FIXED-LENGTH DATA ELEMENTS--GENERAL INFORMATION | |
| fixed length control field | 000000n2001 000 0 eng u |
| 035 ## - SYSTEM CONTROL NUMBER | |
| System control number | (Sirsi) u112800 |
| 100 ## - MAIN ENTRY--PERSONAL NAME | |
| Personal name | Joyce, J |
| 245 ## - TITLE STATEMENT | |
| Title | Get down to business |
| 260 ## - PUBLICATION, DISTRIBUTION, ETC. | |
| Date of publication, distribution, etc. | 2001 |
| 490 ## - SERIES STATEMENT | |
| Series statement | Estates Gazette |
| Volume/sequential designation | (0118) 5 May 2001, 166-168(3) |
| 520 ## - SUMMARY, ETC. | |
| Summary, etc. | On 19 March 2001, government published a consultation paper outlining proposals to streamline business tenancies as defined in the Landlord and Tenant Act 1954. Government originally planned to use the order-making powers under the Regulatory Reform Act to push the reforms through quickly, but is now considering using a parliamentary bill to enact the reforms. Article provides a summary of current discrepancies with the Landlord and Tenant Act 1954, government proposals for reform, and related discussion. The proposals include the following: an improved procedure for excluding security of tenure; a more streamlined renewal process; allowing tenants the right to apply for interim rent; less complex rules on surrenders and termination of fixed-term leases by the tenant; a maximum term of 15 years for a renewal lease. The deadline for responses to the consultation paper is 30 June 2001. |
| 590 ## - LOCAL NOTE (RLIN) | |
| Local note | ABS |
| 650 ## - SUBJECT ADDED ENTRY--TOPICAL TERM | |
| Topical term or geographic name entry element | LANDLORD AND TENANT ACT 1954 |
| 650 ## - SUBJECT ADDED ENTRY--TOPICAL TERM | |
| Topical term or geographic name entry element | BUSINESS TENANCIES |
| 650 ## - SUBJECT ADDED ENTRY--TOPICAL TERM | |
| Topical term or geographic name entry element | REFORM |
| 650 ## - SUBJECT ADDED ENTRY--TOPICAL TERM | |
| Topical term or geographic name entry element | SECURITY OF TENURE |
| 650 ## - SUBJECT ADDED ENTRY--TOPICAL TERM | |
| Topical term or geographic name entry element | RENEWAL |
| 650 ## - SUBJECT ADDED ENTRY--TOPICAL TERM | |
| Topical term or geographic name entry element | INTERIM RENT |
| 650 ## - SUBJECT ADDED ENTRY--TOPICAL TERM | |
| Topical term or geographic name entry element | TERMINATION |
| 650 ## - SUBJECT ADDED ENTRY--TOPICAL TERM | |
| Topical term or geographic name entry element | SURRENDERS |
| 650 ## - SUBJECT ADDED ENTRY--TOPICAL TERM | |
| Topical term or geographic name entry element | TIME LIMITS |
| 650 ## - SUBJECT ADDED ENTRY--TOPICAL TERM | |
| Topical term or geographic name entry element | COUNTER NOTICE |
| 690 ## - LOCAL SUBJECT ADDED ENTRY--TOPICAL TERM (OCLC, RLIN) | |
| Topical term or geographic name as entry element | LANDLORD AND TENANT-BUSINESS TENANCIES |
| 942 ## - ADDED ENTRY ELEMENTS (KOHA) | |
| Suppress in OPAC | 0 |
| Withdrawn status | Lost status | Source of classification or shelving scheme | Damaged status | Not for loan | Home library | Current library | Shelving location | Date acquired | Total Checkouts | Full call number | Barcode | Date last seen | Copy number | Price effective from | Koha item type |
|---|---|---|---|---|---|---|---|---|---|---|---|---|---|---|---|
| Dewey Decimal Classification | London | London | Journal article | 29/05/2001 | ABS64009 | 112800-1001 | 06/08/2019 | 1 | 06/08/2019 | Journal article |